[Event "45th POL-ch (w)"]
[Site "Lublin POL"]
[Date "1993.??.??"]
[Round "5"]
[White "Dworakowska, Joanna"]
[Black "Bobrowska, Monika"]
[Result "1/2-1/2"]
[WhiteElo "2120"]
[BlackElo "2210"]
[EventDate "1993.04.19"]
[PlyCount "121"]

1.e4 e6 2.d4 d5 3.e5 c5 4.c3 Qb6 5.Nf3 Bd7 6.Be2 Bb5 7.O-O Bxe2 8.Qxe2 
cxd4 9.Nxd4 Nc6 10.Nd2 Nxd4 11.cxd4 Ne7 12.Nf3 Nc6 13.Rd1 Be7 14.Bg5 O-O 
15.Bxe7 Nxe7 16.Rd3 Rac8 17.Rad1 Rc4 18.b3 Rc6 19.Ng5 h6 20.Qh5 Qc7 21.Nf3
Rc1 22.Ne1 Rc8 23.Kf1 Qa5 24.Qe2 R1c7 25.Rg3 Qb4 26.Qb2 a5 27.a3 Qb5+ 28.
Kg1 a4 29.b4 Rc4 30.Qd2 Qc6 31.h3 b5 32.Qf4 Rc3 33.Nd3 Rxa3 34.Nc5 Rxg3 
35.Qxg3 Qc7 36.Rd3 Nc6 37.Qg4 Nxb4 38.Rg3 g6 39.Qf4 Kh7 40.Qf3 Re8 41.h4 
Qe7 42.Qf4 Nc6 43.Rf3 Kg7 44.h5 g5 45.Qe3 Rc8 46.Nd3 Nb4 47.Ne1 Qc7 48.Rf6
Qc3 49.Qe2 a3 50.Qxb5 Qxe1+ 51.Kh2 Rf8 52.Qd7 a2 53.Qe7 Qe4 54.Rg6+ Qxg6 
55.hxg6 Kxg6 56.Qxf8 a1=Q 57.g4 Kh7 58.Qxf7+ Kh8 59.Qf8+ Kh7 60.Qxb4 Qa7 
61.Qf8 1/2-1/2

[Event "45th POL-ch (w)"]
[Site "Lublin POL"]
[Date "1993.??.??"]
[Round "5"]
[White "Dabrowska, Krystyna"]
[Black "Lewandowska, Katarzyna"]
[Result "1-0"]
[WhiteElo "2240"]
[BlackElo "2170"]
[EventDate "1993.04.19"]
[PlyCount "163"]

1.e4 c5 2.Nf3 Nc6 3.d4 cxd4 4.Nxd4 Nf6 5.Nc3 e5 6.Ndb5 d6 7.Bg5 a6 8.Na3 
b5 9.Bxf6 gxf6 10.Nd5 f5 11.Bd3 Be6 12.O-O Bxd5 13.exd5 Ne7 14.c4 Bg7 15.
Qd2 bxc4 16.Nxc4 e4 17.Be2 O-O 18.Rac1 Ng6 19.f4 Qf6 20.Rfd1 Rab8 21.b3 
Rfc8 22.g3 Qd8 23.Qa5 Bd4+ 24.Kf1 Qf6 25.Qxa6 Bc5 26.Nb6 Rd8 27.Nd7 Rxd7 
28.Rxc5 Qd8 29.Rc2 Ra8 30.Qc4 Ne7 31.b4 Qb6 32.Qb5 Rb7 33.Qxb6 Rxb6 34.Rd4
Ra3 35.Ke1 Ra4 36.Rb2 Rb8 37.Bd1 Ra3 38.Bb3 Kf8 39.Rc2 Ke8 40.Kd2 h5 41.h4
Rb5 42.Kc1 Rxb3 43.axb3 Nxd5 44.Rcd2 Nxb4 45.Rxd6 Rc5+ 46.Kb2 Ke7 47.Rd7+ 
Kf6 48.R2d6+ Kg7 49.Rd4 Rb5 50.Rc4 Nd5 51.Rc1 Kf6 52.Rc6+ Kg7 53.Kc1 Ra5 
54.Rcd6 Nb4 55.Rd4 Rb5 56.Kd2 Nc6 57.R4d5 Rxb3 58.Rxf5 Rxg3 59.Rdxf7+ Kg8 
60.Rc7 Rd3+ 61.Ke1 Nd4 62.Rg5+ Kf8 63.Rxh5 Kg8 64.Ra5 Re3+ 65.Kf1 Rf3+ 66.
Kg2 Ne6 67.Ra8+ Nf8 68.Re7 Rxf4 69.Kg3 Rf1 70.Rxe4 Kg7 71.Rg4+ Kh6 72.Ra6+
Kh7 73.Rf4 Rxf4 74.Kxf4 Ng6+ 75.Kg5 Nf8 76.Ra7+ Kg8 77.h5 Nh7+ 78.Kf5 Nf8 
79.h6 Nh7 80.Rg7+ Kh8 81.Rf7 Kg8 82.Kg6 1-0

[Event "45th POL-ch (w)"]
[Site "Lublin POL"]
[Date "1993.??.??"]
[Round "5"]
[White "Walkusz, Malgorzata"]
[Black "Erenska-Radzewska, Hanna"]
[Result "0-1"]
[WhiteElo "2045"]
[BlackElo "2280"]
[EventDate "1993.04.19"]
[PlyCount "60"]

1.e4 c5 2.Nf3 Nc6 3.Bb5 e6 4.O-O Nge7 5.c3 a6 6.Bxc6 Nxc6 7.d4 d5 8.Re1 
dxe4 9.Rxe4 Be7 10.a4 O-O 11.Na3 cxd4 12.cxd4 b5 13.axb5 axb5 14.Bf4 Qd5 
15.Re3 b4 16.Nc2 Bb7 17.Re1 Rxa1 18.Nxa1 Na5 19.b3 Nc6 20.h3 Rd8 21.Be3 e5
22.Qe2 e4 23.Nd2 Nxd4 24.Bxd4 Qxd4 25.Nc4 f5 26.Nc2 Qd3 27.Na5 Qxe2 28.
Rxe2 Ba8 29.Ne3 g6 30.Rc2 h5 0-1

[Event "45th POL-ch (w)"]
[Site "Lublin POL"]
[Date "1993.??.??"]
[Round "5"]
[White "Tust, Dominika"]
[Black "Bednarska, Malgorzata"]
[Result "0-1"]
[WhiteElo "2105"]
[BlackElo "2180"]
[EventDate "1993.04.19"]
[PlyCount "114"]

1.Nf3 Nf6 2.g3 b6 3.Bg2 Bb7 4.O-O d5 5.d3 e6 6.Nbd2 Nbd7 7.Re1 Bc5 8.b3 
O-O 9.Bb2 a5 10.a3 Qe7 11.d4 Bd6 12.Ne5 c5 13.e3 a4 14.c4 Ra7 15.bxa4 Rfa8
16.a5 Rxa5 17.Qb3 cxd4 18.exd4 Bxa3 19.Nxd7 Nxd7 20.Bc3 R5a7 21.cxd5 Nf8 
22.dxe6 fxe6 23.Bxb7 Qxb7 24.Nc4 Be7 25.Rab1 b5 26.Ne3 Ra3 27.Qb2 Qf3 28.
Qe2 Qxe2 29.Rxe2 Rxc3 30.Rxb5 Rd3 31.d5 exd5 32.Nxd5 Bd6 33.Ne7+ Bxe7 34.
Rxe7 Rd7 35.Re2 Rad8 36.Rbb2 g5 37.Kg2 Ng6 38.h3 Kg7 39.Rb5 h6 40.Rbb2 Rd5
41.Re6 R5d6 42.Rb7+ R8d7 43.Rxd7+ Rxd7 44.Re2 Kf6 45.Rb2 Rd6 46.Ra2 Ne5 
47.Rc2 h5 48.Ra2 g4 49.hxg4 hxg4 50.Kf1 Kf5 51.Rb2 Nf3 52.Ke2 Ke4 53.Rb1 
Rd3 54.Ra1 Nd4+ 55.Kf1 Kf3 56.Rc1 Ne2 57.Ra1 Rc3 0-1

[Event "45th POL-ch (w)"]
[Site "Lublin POL"]
[Date "1993.??.??"]
[Round "6"]
[White "Bobrowska, Monika"]
[Black "Tust, Dominika"]
[Result "0-1"]
[WhiteElo "2210"]
[BlackElo "2105"]
[EventDate "1993.04.19"]
[PlyCount "58"]

1.d4 Nf6 2.Nf3 d5 3.c4 dxc4 4.Qa4+ c6 5.Qxc4 Bf5 6.Nc3 e6 7.g3 Be7 8.Bg2 
O-O 9.O-O h6 10.Ne5 Bh7 11.b4 Nbd7 12.Nxd7 Qxd7 13.a4 Nd5 14.Bxd5 cxd5 15.
Qb3 Rfc8 16.Ba3 Rc4 17.e3 Rac8 18.Rfc1 a6 19.a5 Bf8 20.Na4 Qb5 21.Nc5 Bxc5
22.dxc5 R4xc5 23.Rxc5 Rxc5 24.Qb2 Rc2 25.Qe5 Bf5 26.Re1 Qd3 27.Bc1 Bh3 28.
Qd4 Qe2 29.Bd2 Qf3 0-1

[Event "45th POL-ch (w)"]
[Site "Lublin POL"]
[Date "1993.??.??"]
[Round "6"]
[White "Lewandowska, Katarzyna"]
[Black "Henc, Renata"]
[Result "1-0"]
[WhiteElo "2170"]
[BlackElo "2135"]
[EventDate "1993.04.19"]
[PlyCount "161"]

1.d4 Nf6 2.Nf3 e6 3.c4 b6 4.Nc3 Bb7 5.a3 d5 6.cxd5 Nxd5 7.Qc2 Be7 8.e4 
Nxc3 9.bxc3 O-O 10.Bd3 c5 11.O-O Ba6 12.Bxa6 Nxa6 13.Qe2 Nc7 14.Rd1 cxd4 
15.cxd4 Qe8 16.a4 a5 17.Bf4 Na6 18.Rdc1 Qd7 19.Qb5 Qb7 20.Qc6 Ra7 21.Ne5 
Bf6 22.Qxb7 Rxb7 23.Nc6 Re8 24.Rab1 g5 25.Bd6 Rd7 26.e5 Bd8 27.Nxd8 Rexd8 
28.Rxb6 Nb4 29.Rb5 Nd3 30.Rc6 Ra7 31.Kf1 Kg7 32.g3 Rda8 33.Ke2 Nb4 34.Rcb6
Nd5 35.Rc6 Nb4 36.Rc4 Nd5 37.Kd3 g4 38.Ke4 Kg6 39.f4 gxf3 40.Kxf3 h5 41.
Rc6 Rd7 42.Rcc5 Rda7 43.Bb8 Rd7 44.Rc6 Kf5 45.Rd6 Rxd6 46.exd6 Kf6 47.Bc7 
Nxc7 48.dxc7 Rc8 49.Rc5 Ke7 50.h4 Kd6 51.g4 hxg4+ 52.Kxg4 e5 53.Rc1 exd4 
54.Kf4 f5 55.h5 Ke6 56.h6 Kf6 57.Rc6+ Kf7 58.Kg5 d3 59.h7 d2 60.Rd6 f4 61.
Rxd2 f3 62.Rd7+ Ke6 63.Rd3 Kf7 64.Rxf3+ Kg7 65.Rc3 Kh8 66.Rc5 Rxc7 67.Rxa5
Kxh7 68.Kf6 Rc6+ 69.Ke7 Kg7 70.Rg5+ Kh6 71.Re5 Rc4 72.a5 Kg6 73.a6 Ra4 74.
Re6+ Kf5 75.Kd7 Ra5 76.Rb6 Ke5 77.Kc7 Kd5 78.Kb7 Kc5 79.a7 Ra2 80.Ra6 Rb2+
81.Kc8 1-0

[Event "45th POL-ch (w)"]
[Site "Lublin POL"]
[Date "1993.??.??"]
[Round "6"]
[White "Leszner, Liliana"]
[Black "Grochot, Czeslawa"]
[Result "1-0"]
[WhiteElo "2160"]
[BlackElo "2170"]
[EventDate "1993.04.19"]
[PlyCount "59"]

1.e4 c5 2.Nf3 e6 3.b3 d6 4.Bb2 a6 5.c4 Nf6 6.Nc3 Be7 7.d4 cxd4 8.Nxd4 b6 
9.g3 Bb7 10.Bg2 Qc7 11.O-O O-O 12.Qe2 Nbd7 13.Rad1 Rac8 14.g4 h6 15.Rd3 
Rfe8 16.f4 Bf8 17.Rh3 e5 18.fxe5 Nxe5 19.Nf5 Nh7 20.Bc1 Ng5 21.Rg3 Bc6 22.
h4 Ne6 23.g5 hxg5 24.hxg5 g6 25.Nh6+ Kg7 26.Qf2 Qe7 27.Nd5 Bxd5 28.exd5 
Nc5 29.Rh3 Ncd3 30.Qh4 1-0

[Event "45th POL-ch (w)"]
[Site "Lublin POL"]
[Date "1993.??.??"]
[Round "6"]
[White "Erenska-Radzewska, Hanna"]
[Black "Kaczorowska, Barbara"]
[Result "0-1"]
[WhiteElo "2280"]
[BlackElo "2200"]
[EventDate "1993.04.19"]
[PlyCount "165"]

1.e4 c6 2.c4 d5 3.exd5 cxd5 4.cxd5 Nf6 5.Nc3 Nxd5 6.d4 e6 7.Nf3 Bb4 8.Bd2 
Nc6 9.Bc4 Nf6 10.Bg5 O-O 11.O-O Be7 12.a3 b6 13.Rc1 Bb7 14.Ba2 Rc8 15.Bb1 
g6 16.Bh6 Re8 17.Ba2 Bf8 18.Bxf8 Rxf8 19.Re1 Ne7 20.Ng5 Ned5 21.Qd2 Qd6 
22.Nge4 Nxe4 23.Nxe4 Qf4 24.f3 Qxd2 25.Nxd2 Nf4 26.Rxc8 Rxc8 27.Bb1 Rd8 
28.Nb3 Bd5 29.Nd2 Bc6 30.g3 Nh5 31.Kf2 Rxd4 32.Ke3 Rd8 33.Rc1 Bb5 34.Rc7 
Rd7 35.Rxd7 Bxd7 36.Kd4 Kf8 37.Bc2 Ke7 38.b4 Nf6 39.Bb3 h5 40.a4 Bc6 41.a5
Nd7 42.axb6 axb6 43.Bc4 e5+ 44.Kc3 b5 45.Be2 Nb6 46.Ne4 Nd5+ 47.Kb3 f5 48.
Nc5 Kf6 49.Nd3 e4 50.Ne1 Be8 51.Nc2 exf3 52.Bxf3 Ke5 53.Kb2 g5 54.Kc1 f4 
55.gxf4+ gxf4 56.Kd2 h4 57.Be2 Bc6 58.Na3 Nc7 59.Bf1 Ke4 60.Ke2 Kd4 61.Kd2
Bd7 62.Nc2+ Ke4 63.Bd3+ Kf3 64.Ne1+ Kf2 65.Be4 Bg4 66.Nd3+ Kg1 67.Nxf4 
Kxh2 68.Kd3 Kg1 69.Kd4 Ne6+ 70.Nxe6 Bxe6 71.Kc5 Bc4 72.Bc6 h3 73.Bxb5 Bxb5
74.Kxb5 h2 75.Kb6 h1=Q 76.b5 Qa8 77.Kc7 Qa7+ 78.Kc6 Kf2 79.b6 Qb8 80.b7 
Ke3 81.Kb6 Kd4 82.Kc6 Ke5 83.Kb6 0-1

[Event "45th POL-ch (w)"]
[Site "Lublin POL"]
[Date "1993.??.??"]
[Round "6"]
[White "Dabrowska, Krystyna"]
[Black "Walkusz, Malgorzata"]
[Result "1-0"]
[WhiteElo "2240"]
[BlackElo "2045"]
[EventDate "1993.04.19"]
[PlyCount "45"]

1.e4 Nf6 2.e5 Nd5 3.d4 d6 4.c4 Nb6 5.exd6 exd6 6.Nc3 Nc6 7.Be2 Be7 8.Nf3 
Bg4 9.d5 Bxf3 10.gxf3 Ne5 11.f4 Ned7 12.Be3 Bf6 13.Qc2 a5 14.Ne4 Qe7 15.
O-O-O O-O 16.Rhg1 Rfe8 17.Nxf6+ Nxf6 18.Qf5 Kh8 19.Bd3 Nbd7 20.Bd4 c6 21.
Rxg7 Kxg7 22.Qxh7+ Kf8 23.Qh8+ 1-0

[Event "45th POL-ch (w)"]
[Site "Lublin POL"]
[Date "1993.??.??"]
[Round "7"]
[White "Walkusz, Malgorzata"]
[Black "Lewandowska, Katarzyna"]
[Result "0-1"]
[WhiteElo "2045"]
[BlackElo "2170"]
[EventDate "1993.04.19"]
[PlyCount "48"]

1.e4 d5 2.exd5 Nf6 3.Nc3 Nxd5 4.Bc4 Nb6 5.Bb3 e5 6.Nf3 Nc6 7.d3 Be7 8.h3 
Bf5 9.O-O Qd7 10.Re1 f6 11.a3 g5 12.Be3 O-O-O 13.Ne4 g4 14.hxg4 Bxg4 15.
Nc5 Bxc5 16.Bxc5 Nd5 17.Be3 Qf5 18.c3 Rhg8 19.Kf1 Qh5 20.Ke2 e4 21.dxe4 
Bxf3+ 22.gxf3 Nxe3 23.Qc1 Qb5+ 24.Kxe3 Qxb3 0-1

[Event "45th POL-ch (w)"]
[Site "Lublin POL"]
[Date "1993.??.??"]
[Round "7"]
[White "Tust, Dominika"]
[Black "Zawadzka, Alicja"]
[Result "1-0"]
[WhiteElo "2105"]
[BlackElo "2110"]
[EventDate "1993.04.19"]
[PlyCount "73"]

1.Nf3 Nf6 2.g3 d6 3.Bg2 e5 4.d3 g6 5.Nbd2 Bg7 6.O-O O-O 7.e4 c6 8.c3 Qc7 
9.d4 Re8 10.Re1 a5 11.dxe5 dxe5 12.Nc4 b5 13.Qd6 Na6 14.Qxc7 Nxc7 15.Ncxe5
h6 16.Nxc6 Bb7 17.Nfd4 Ra6 18.Bf4 Bxc6 19.Bxc7 Bd7 20.e5 Ng4 21.f4 h5 22.
h3 Nh6 23.Nb3 Nf5 24.Nc5 Rc6 25.Bxc6 Bxc6 26.Kf2 a4 27.Rad1 Bf8 28.Ne4 Kg7
29.Bd6 Nxd6 30.Nxd6 Rb8 31.b4 axb3 32.axb3 Ra8 33.Ra1 Rd8 34.Ra6 Bd5 35.c4
bxc4 36.bxc4 Bxd6 37.Rxd6 1-0

[Event "45th POL-ch (w)"]
[Site "Lublin POL"]
[Date "1993.??.??"]
[Round "7"]
[White "Szczygiel, Agnieszka"]
[Black "Bobrowska, Monika"]
[Result "1/2-1/2"]
[WhiteElo "2135"]
[BlackElo "2210"]
[EventDate "1993.04.19"]
[PlyCount "51"]

1.e4 e6 2.d4 d5 3.Nd2 Nf6 4.e5 Nfd7 5.Bd3 c5 6.c3 Nc6 7.Ne2 cxd4 8.cxd4 f6
9.exf6 Nxf6 10.Nf3 Bd6 11.Bf4 Bxf4 12.Nxf4 O-O 13.O-O Ne4 14.Qc1 Ng5 15.
Nxg5 Qxg5 16.Ne2 Qf6 17.Qe3 Bd7 18.Rad1 Be8 19.h3 e5 20.dxe5 Nxe5 21.b3 
Bh5 22.f4 Nxd3 23.Qxd3 Qb6+ 24.Kh1 Bxe2 25.Qxe2 Rad8 26.Qf3 1/2-1/2

[Event "45th POL-ch (w)"]
[Site "Lublin POL"]
[Date "1993.??.??"]
[Round "7"]
[White "Grochot, Czeslawa"]
[Black "Erenska-Radzewska, Hanna"]
[Result "0-1"]
[WhiteElo "2170"]
[BlackElo "2280"]
[EventDate "1993.04.19"]
[PlyCount "97"]

1.e4 c5 2.Nf3 a6 3.c4 e6 4.d4 cxd4 5.Nxd4 Ne7 6.Nc3 Nec6 7.Nc2 Qc7 8.g3 d6
9.Bg2 Ne5 10.b3 b5 11.O-O bxc4 12.bxc4 Nxc4 13.Ne3 Nd7 14.Nxc4 Qxc4 15.Bd2
Be7 16.Rc1 Qd3 17.Re1 O-O 18.e5 d5 19.Re3 Qd4 20.Ne2 Qa7 21.Rec3 Qb8 22.f4
Bd8 23.Be3 Bb6 24.Nd4 Bb7 25.Kh1 Qa7 26.a4 Rac8 27.Rxc8 Rxc8 28.Rxc8+ Bxc8
29.Qc2 Qc7 30.Nc6 Bb7 31.Nd4 Qxc2 32.Nxc2 Bxe3 33.Nxe3 Nc5 34.a5 Nb3 35.
Nc2 Nxa5 36.Kg1 Nc6 37.Kf2 Kf8 38.Ke3 Ke7 39.Nd4 Kd7 40.Kd3 Kc7 41.Nb3 Kb6
42.Kc3 a5 43.Nd2 Ba6 44.Kb3 Nd4+ 45.Ka3 Kb5 46.Nb1 Nc2+ 47.Kb3 Ne3 48.Bf3 
Nf1 49.Na3+ 0-1

[Event "45th POL-ch (w)"]
[Site "Lublin POL"]
[Date "1993.??.??"]
[Round "7"]
[White "Kaczorowska, Barbara"]
[Black "Dabrowska, Krystyna"]
[Result "1-0"]
[WhiteElo "2200"]
[BlackElo "2240"]
[EventDate "1993.04.19"]
[PlyCount "103"]

1.Nf3 Nf6 2.g3 b6 3.Bg2 Bb7 4.d3 d5 5.O-O e6 6.c3 Be7 7.b4 O-O 8.Bf4 Nbd7 
9.Nbd2 Nh5 10.Be3 e5 11.Ne1 f5 12.Qb3 Ndf6 13.Ndf3 Ng4 14.Bd2 Qd6 15.e4 
fxe4 16.dxe4 Kh8 17.exd5 Bxd5 18.c4 Bb7 19.Rd1 e4 20.Bc3 Qh6 21.Bd2 g5 22.
Bc3+ Ng7 23.h3 exf3 24.Nxf3 Bxf3 25.Bxf3 Qxh3 26.Bxg4 Qxg4 27.Rd4 Qf5 28.
Rd5 Qf7 29.Rd7 c6 30.Qb2 Rae8 31.Re1 Rg8 32.Qe2 Bf6 33.Rxf7 Rxe2 34.Rxf6 
Rxe1+ 35.Bxe1 Re8 36.Bc3 Kg8 37.Rxc6 Ne6 38.Rd6 h6 39.f3 Re7 40.Bf6 Re8 
41.Rd7 Rf8 42.Be5 Rf5 43.Bb8 Rxf3 44.Rxa7 g4 45.Kg2 Ng5 46.Be5 Re3 47.Bd4 
Re2+ 48.Kf1 Rc2 49.Bxb6 Rxc4 50.b5 Ne4 51.Bc7 Rb4 52.b6 1-0

[Event "45th POL-ch (w)"]
[Site "Lublin POL"]
[Date "1993.??.??"]
[Round "7"]
[White "Henc, Renata"]
[Black "Bednarska, Malgorzata"]
[Result "0-1"]
[WhiteElo "2135"]
[BlackElo "2180"]
[EventDate "1993.04.19"]
[PlyCount "72"]

1.d4 Nf6 2.Nf3 g6 3.Bg5 Bg7 4.e3 O-O 5.Bd3 d5 6.Nbd2 Nbd7 7.O-O c6 8.c4 b6
9.Rc1 Bb7 10.cxd5 cxd5 11.Qa4 Ne4 12.Bf4 e5 13.dxe5 Nxd2 14.Nxd2 Nxe5 15.
Be2 a6 16.Rfd1 b5 17.Qb3 Qe7 18.a4 b4 19.Nf3 a5 20.Nxe5 Bxe5 21.Bxe5 Qxe5 
22.Bf3 Rac8 23.g3 Rc4 24.Rc2 Rxc2 25.Qxc2 Rc8 26.Qd2 Qf5 27.Bxd5 Rc2 28.
Bxf7+ Kxf7 29.Qd7+ Kf6 30.Rd6+ Kg5 31.Qe7+ Kh6 32.Qh4+ Qh5 33.Qf4+ Qg5 34.
Qf8+ Kh5 35.f4 Qg4 36.Rxg6 Rc1+ 0-1

[Event "45th POL-ch (w)"]
[Site "Lublin POL"]
[Date "1993.??.??"]
[Round "7"]
[White "Dworakowska, Joanna"]
[Black "Leszner, Liliana"]
[Result "0-1"]
[WhiteElo "2120"]
[BlackElo "2160"]
[EventDate "1993.04.19"]
[PlyCount "100"]

1.e4 d6 2.d4 Nf6 3.Nc3 g6 4.f3 c6 5.Be3 Nbd7 6.Qd2 b5 7.Bd3 Nb6 8.b3 a5 9.
a4 b4 10.Nd1 Bg7 11.Bh6 O-O 12.h4 e5 13.dxe5 dxe5 14.Ne2 Be6 15.Bxg7 Kxg7 
16.g4 h5 17.Qg5 Nbd7 18.Ng3 Rh8 19.Ne3 hxg4 20.fxg4 Ne8 21.Qxd8 Rxd8 22.
Bc4 Nd6 23.Be2 Nc5 24.Bf3 Bc8 25.O-O-O Ndb7 26.Rxd8 Rxd8 27.Nc4 f6 28.h5 
Ne6 29.hxg6 Ng5 30.Be2 Kxg6 31.Ne3 Be6 32.Nef5 Bxf5 33.exf5+ Kf7 34.Rh6 
Nc5 35.Nh5 Nce4 36.Rg6 Ke7 37.Nxf6 Nxf6 38.Rxg5 Nd5 39.Rg6 Nf4 40.Rxc6 
Nxe2+ 41.Kb2 Nd4 42.Rc5 Kf6 43.Rxa5 e4 44.Ra6+ Kg5 45.Rg6+ Kf4 46.c3 bxc3+
47.Kxc3 e3 48.Rh6 e2 49.Rh1 Nf3 50.b4 Rd1 0-1

[Event "45th POL-ch (w)"]
[Site "Lublin POL"]
[Date "1993.??.??"]
[Round "8"]
[White "Bobrowska, Monika"]
[Black "Henc, Renata"]
[Result "1-0"]
[WhiteElo "2210"]
[BlackElo "2135"]
[EventDate "1993.04.19"]
[PlyCount "115"]

1.d4 Nf6 2.Nf3 e6 3.Bg5 Be7 4.e3 c5 5.Nbd2 O-O 6.Bd3 Nc6 7.c3 b6 8.O-O Bb7
9.Qe2 Rc8 10.Rad1 d6 11.Bb1 Re8 12.dxc5 bxc5 13.Bxf6 gxf6 14.Qd3 f5 15.e4 
f6 16.exf5 e5 17.Ne4 d5 18.Nh4 Na5 19.f4 Qb6 20.Nf2 e4 21.Qe2 Bf8 22.Rfe1 
Re7 23.Qg4+ Rg7 24.Qh5 c4 25.Kf1 Qc7 26.Ng4 Qxf4+ 27.Nf2 Bc5 28.Re2 e3 29.
g3 Qg5 30.Qxg5 fxg5 31.f6 Rgc7 32.Nf3 exf2 33.Nxg5 Bf8 34.f7+ Rxf7 35.Nxf7
Kxf7 36.Rxf2+ Kg7 37.Re2 Bc5 38.Re5 Rf8+ 39.Rf5 Re8 40.g4 h6 41.g5 h5 42.
g6 Rd8 43.Rxh5 Rf8+ 44.Rf5 Rxf5+ 45.Bxf5 Kf6 46.h4 Bf8 47.Bc2 Bc6 48.Ke2 
Kg7 49.Rf1 Bc5 50.Rf7+ Kg8 51.h5 Be8 52.Rc7 Bf8 53.Bf5 Bg7 54.Rc8 Kf8 55.
Bd7 Ke7 56.Bxe8 d4 57.cxd4 Kf6 58.Rc7 1-0

[Event "45th POL-ch (w)"]
[Site "Lublin POL"]
[Date "1993.??.??"]
[Round "8"]
[White "Lewandowska, Katarzyna"]
[Black "Bednarska, Malgorzata"]
[Result "1/2-1/2"]
[WhiteElo "2170"]
[BlackElo "2180"]
[EventDate "1993.04.19"]
[PlyCount "148"]

1.d4 Nf6 2.Nf3 g6 3.c4 Bg7 4.Nc3 d5 5.Bg5 Ne4 6.cxd5 Nxg5 7.Nxg5 e6 8.Qd2 
exd5 9.Qe3+ Kf8 10.Qf4 Bf6 11.h4 h6 12.Nf3 Kg7 13.e3 Be6 14.Bd3 c6 15.
O-O-O Nd7 16.Kb1 Qb8 17.Ne2 Re8 18.Rdg1 c5 19.g4 Bd8 20.dxc5 Qxf4 21.Nxf4 
Nxc5 22.Bb5 Re7 23.Nd4 a6 24.Be2 Ne4 25.f3 Nd2+ 26.Kc2 Nc4 27.Bxc4 dxc4 
28.Ndxe6+ fxe6 29.h5 g5 30.Ng6 Rc7 31.Rd1 Bf6 32.Rd6 Rd8 33.Rhd1 Rxd6 34.
Rxd6 Kf7 35.e4 Be7 36.Ne5+ Kf6 37.Rd7 Bd6 38.Rxc7 Bxc7 39.Nxc4 b5 40.Ne3 
Ke5 41.Kd3 Kf4 42.Ke2 Bb6 43.Ng2+ Ke5 44.Kd3 Bf2 45.b3 Bc5 46.Ne1 Bb4 47.
Nc2 Bc5 48.a4 bxa4 49.bxa4 Kf4 50.Ke2 Ke5 51.Na1 Bd4 52.Nb3 Bb6 53.Kd3 Kf4
54.Nd2 Bc5 55.Ke2 Ke5 56.Nb3 Bb6 57.a5 Bc7 58.Ke3 Bd6 59.Kd3 Kf4 60.Nd4 
Be5 61.Nc6 Bc7 62.Ke2 Kg3 63.Nb4 Bxa5 64.Nxa6 Kf4 65.Nb8 Bc7 66.Nc6 Bb6 
67.Ne7 Bc5 68.Ng6+ Kg3 69.Nh8 Kf4 70.Ng6+ Kg3 71.Ne5 Bd6 72.Nf7 Bf8 73.Ne5
Bd6 74.Ng6 Bc5 1/2-1/2

[Event "45th POL-ch (w)"]
[Site "Lublin POL"]
[Date "1993.??.??"]
[Round "8"]
[White "Leszner, Liliana"]
[Black "Tust, Dominika"]
[Result "0-1"]
[WhiteElo "2160"]
[BlackElo "2105"]
[EventDate "1993.04.19"]
[PlyCount "130"]

1.e4 c6 2.d4 d5 3.Nd2 dxe4 4.Nxe4 Bf5 5.Nc5 b6 6.Nb3 e6 7.Nf3 Nf6 8.g3 Bd6
9.Bg2 Qc7 10.O-O Nbd7 11.c4 Rd8 12.Qe2 O-O 13.Be3 c5 14.h3 Be4 15.Rfd1 a6 
16.Bg5 h6 17.dxc5 bxc5 18.Bd2 Qb7 19.Nh4 Bxg2 20.Nxg2 Nb8 21.Ba5 Rd7 22.
Qe3 Rc8 23.Rd2 Be7 24.Rad1 Rxd2 25.Rxd2 Qa7 26.Nf4 Kf8 27.Nd3 Nbd7 28.Ne5 
Nxe5 29.Qxe5 Qb8 30.Qe3 Qb7 31.Re2 Qc6 32.Bc3 Nd7 33.Qd3 Kg8 34.Na5 Qc7 
35.Rd2 Nf6 36.Qf3 Kf8 37.a3 Kg8 38.b4 Kf8 39.b5 axb5 40.cxb5 Nd5 41.Nc4 
Qa7 42.Bb2 Qa4 43.Qg4 Nf6 44.Bxf6 Bxf6 45.Nb6 Qa5 46.Nd7+ Ke7 47.Qf4 Bd4 
48.b6 Kxd7 49.b7 Rf8 50.Rxd4+ cxd4 51.b8=Q Qe1+ 52.Kg2 Rxb8 53.Qxb8 Qe4+ 
54.Kg1 d3 55.Qb5+ Kd6 56.Qb6+ Ke5 57.Qb2+ Kd6 58.Qb6+ Ke7 59.Qc5+ Kf6 60.
Qc3+ Kg6 61.h4 Qe2 62.h5+ Kh7 63.Qc4 Qe1+ 64.Kg2 d2 65.Qd3+ f5 0-1

[Event "45th POL-ch (w)"]
[Site "Lublin POL"]
[Date "1993.??.??"]
[Round "8"]
[White "Zawadzka, Alicja"]
[Black "Szczygiel, Agnieszka"]
[Result "0-1"]
[WhiteElo "2110"]
[BlackElo "2135"]
[EventDate "1993.04.19"]
[PlyCount "54"]

1.e4 e5 2.Nf3 Nf6 3.Bc4 Nxe4 4.Nc3 Nd6 5.Bb3 Nc6 6.O-O Be7 7.d4 exd4 8.Nd5
O-O 9.Bf4 h6 10.Re1 Ne8 11.Nxd4 Bd6 12.Rxe8 Rxe8 13.Bxd6 cxd6 14.Nb5 Rf8 
15.a4 b6 16.Nxd6 Rb8 17.Qd2 Bb7 18.Re1 Qg5 19.f4 Qd8 20.c3 Kh8 21.Re3 Na5 
22.Bc2 Bc6 23.b4 Nb7 24.Nxb7 Bxb7 25.Bb1 Bxd5 26.Qxd5 Qf6 27.Qd3 g6 0-1

[Event "45th POL-ch (w)"]
[Site "Lublin POL"]
[Date "1993.??.??"]
[Round "8"]
[White "Erenska-Radzewska, Hanna"]
[Black "Dworakowska, Joanna"]
[Result "0-1"]
[WhiteElo "2280"]
[BlackElo "2120"]
[EventDate "1993.04.19"]
[PlyCount "98"]

1.e4 c5 2.Nc3 d6 3.f4 g6 4.Nf3 Bg7 5.d4 cxd4 6.Nxd4 Nc6 7.Nf3 Nf6 8.Bd3 
O-O 9.O-O a6 10.Qe1 b5 11.Qh4 d5 12.e5 Ne8 13.g4 e6 14.Qg3 f5 15.h4 Bb7 
16.Ne2 d4 17.Bd2 Qd5 18.Kh2 Kh8 19.Rf2 fxg4 20.Ng5 Bh6 21.Be4 Qd7 22.Raf1 
Ng7 23.Qxg4 Nf5 24.Ng3 Rac8 25.Kh3 Nd8 26.Qe2 Nf7 27.Bxb7 Qxb7 28.N3e4 Bg7
29.Bb4 Nxg5+ 30.Nxg5 Ne3 31.Rg1 Rf5 32.Bd2 Nxc2 33.Qd3 Ne3 34.Bxe3 dxe3 
35.Qxe3 Qe7 36.Rd2 Qb4 37.Ne4 Rcf8 38.a3 Qe7 39.Kg3 Rxf4 40.Qxf4 Rxf4 41.
Kxf4 Qxh4+ 42.Kf3 Bxe5 43.Nf2 Qf4+ 44.Ke2 Bd4 45.Rf1 g5 46.Rd3 g4 47.Nxg4 
Qxg4+ 48.Rff3 e5 49.Ke1 e4 0-1

[Event "45th POL-ch (w)"]
[Site "Lublin POL"]
[Date "1993.??.??"]
[Round "8"]
[White "Dabrowska, Krystyna"]
[Black "Grochot, Czeslawa"]
[Result "0-1"]
[WhiteElo "2240"]
[BlackElo "2170"]
[EventDate "1993.04.19"]
[PlyCount "69"]

1.e4 c5 2.Nf3 e6 3.d4 cxd4 4.Nxd4 Nf6 5.Nc3 d6 6.Bc4 Be7 7.O-O O-O 8.Bb3 
Na6 9.f4 Nc5 10.e5 dxe5 11.fxe5 Nfd7 12.Bf4 a6 13.Kh1 Bg5 14.Qh5 Bxf4 15.
Rxf4 Qc7 16.Re1 b5 17.Re3 Bb7 18.Rh4 h6 19.Rg4 Kh7 20.Rxg7+ Kxg7 21.Rg3+ 
Kh7 22.Rh3 Bxg2+ 23.Kxg2 Rg8+ 24.Kf1 Rg6 25.Nf3 Rag8 26.Bd5 exd5 27.Nxd5 
Qd8 28.Nf4 Nf8 29.Nxg6 Rxg6 30.Nh4 Qd2 31.Nxg6 Qc1+ 32.Ke2 Qxc2+ 33.Kf1 
Qxg6 34.Qe2 Nfe6 35.Rf3 0-1

[Event "45th POL-ch (w)"]
[Site "Lublin POL"]
[Date "1993.??.??"]
[Round "9"]
[White "Tust, Dominika"]
[Black "Erenska-Radzewska, Hanna"]
[Result "1-0"]
[WhiteElo "2105"]
[BlackElo "2280"]
[EventDate "1993.04.19"]
[PlyCount "135"]

1.Nf3 Nf6 2.g3 b5 3.Bg2 Bb7 4.O-O e6 5.d3 Be7 6.e4 d6 7.Nbd2 O-O 8.Re1 c5 
9.Qe2 Qb6 10.Nf1 Nc6 11.c3 a5 12.h3 Nd7 13.Bf4 b4 14.Ng5 Nce5 15.Red1 Ba6 
16.c4 Rab8 17.Qh5 h6 18.h4 Nf6 19.Qe2 hxg5 20.hxg5 Nh7 21.Be3 Nc6 22.f4 
Nd4 23.Qh5 Nc2 24.Rac1 Nxe3 25.Nxe3 Qd8 26.Kf2 Bxg5 27.Rh1 Bh6 28.Ng4 Nf6 
29.Nxh6+ gxh6 30.Qh3 Re8 31.Ke2 Kf8 32.Qxh6+ Ke7 33.e5 Ng8 34.Qg7 Bb7 35.
Rh7 Rf8 36.Bh3 Qc8 37.Re1 dxe5 38.Qg5+ Kd6 39.Qxe5+ Kc6 40.d4 Kb6 41.d5 
Qd8 42.dxe6 f6 43.Qe3 Qd4 44.Qxd4 cxd4 45.e7 Nxe7 46.Rxe7 Rh8 47.Bf5 Rbe8 
48.Kd3 Rxe7 49.Rxe7 Rh2 50.c5+ Kxc5 51.Rxb7 Rxb2 52.Be6 Rg2 53.Rg7 Rf2 54.
f5 Rf3+ 55.Ke2 Ra3 56.Rc7+ Kd6 57.Ra7 Ke5 58.Bb3 Kxf5 59.Kd3 Kg4 60.Kxd4 
Kxg3 61.Kc5 f5 62.Kb5 f4 63.Rxa5 f3 64.Kxb4 Rxa5 65.Kxa5 Kf4 66.Kb6 Ke3 
67.Bc4 Kd4 68.Bf1 1-0

[Event "45th POL-ch (w)"]
[Site "Lublin POL"]
[Date "1993.??.??"]
[Round "9"]
[White "Grochot, Czeslawa"]
[Black "Walkusz, Malgorzata"]
[Result "1-0"]
[WhiteElo "2170"]
[BlackElo "2045"]
[EventDate "1993.04.19"]
[PlyCount "115"]

1.e4 Nf6 2.e5 Nd5 3.d4 d6 4.Nf3 dxe5 5.Nxe5 g6 6.Be2 Bg7 7.O-O O-O 8.c4 
Nb6 9.Bf4 a5 10.Nc3 Nc6 11.Nxc6 bxc6 12.Be5 Bxe5 13.dxe5 Be6 14.b3 a4 15.
c5 Nd7 16.Nxa4 Nxe5 17.Qc2 Qd4 18.Rad1 Qb4 19.Qd2 Rfb8 20.Qg5 f6 21.Qe3 
Kf7 22.Rd4 Qa3 23.f4 Ng4 24.Qd2 f5 25.Bf3 Rxa4 26.Rxa4 Qxc5+ 27.Qd4 Qxd4+ 
28.Rxd4 c5 29.Ra4 Ne3 30.Rc1 c4 31.bxc4 Rb2 32.a3 c5 33.Re1 Nc2 34.Re5 Rb3
35.Rxc5 Nxa3 36.Bd5 Bxd5 37.Rxd5 Rc3 38.c5 Nb5 39.Re5 Nc7 40.Ra1 Ne6 41.
Rae1 Nxf4 42.Rxe7+ Kf6 43.g3 Nd5 44.R1e6+ Kg5 45.Rxh7 Rxc5 46.Rg7 Kg4 47.
Rgxg6+ Kf3 48.Re1 Ne3 49.Re6 Nc2 50.Rf1+ Kg4 51.Rg6+ Kh5 52.Rg8 Ne3 53.Rf4
Rc1+ 54.Kf2 Ng4+ 55.Ke2 Rc2+ 56.Kd3 Rc5 57.h3 Rd5+ 58.Kc3 1-0

[Event "45th POL-ch (w)"]
[Site "Lublin POL"]
[Date "1993.??.??"]
[Round "9"]
[White "Kaczorowska, Barbara"]
[Black "Lewandowska, Katarzyna"]
[Result "0-1"]
[WhiteElo "2200"]
[BlackElo "2170"]
[EventDate "1993.04.19"]
[PlyCount "102"]

1.d4 f5 2.Nf3 Nf6 3.g3 g6 4.Bg2 Bg7 5.O-O O-O 6.c4 d6 7.b3 Qe8 8.Bb2 Na6 
9.Nbd2 c6 10.Qc2 Nb4 11.Qb1 a5 12.a3 Na6 13.Bc3 Nc7 14.Qc2 h6 15.e4 fxe4 
16.Nxe4 Nxe4 17.Qxe4 Bf5 18.Qe3 a4 19.b4 Qf7 20.Nd2 Rae8 21.f4 Bf6 22.h4 
Qg7 23.Ne4 b5 24.Nxf6+ exf6 25.Qd2 d5 26.cxb5 Nxb5 27.Bf3 Be4 28.Bb2 Nd6 
29.Be2 Qd7 30.Kh2 Bf5 31.Bd3 Bxd3 32.Qxd3 Qf5 33.Qxf5 Re2+ 34.Rf2 Rxf2+ 
35.Kg1 gxf5 36.Kxf2 Nc4 37.Bc1 Re8 38.Ra2 Re4 39.Bb2 Kf7 40.Bc3 Kg6 41.Ra1
Kh5 42.Rc1 Nxa3 43.Ra1 Nb5 44.Bb2 a3 45.Bxa3 Rxd4 46.Bc1 Rxb4 47.Ra8 Rc4 
48.Bd2 Nd6 49.Be1 Ne4+ 50.Kf3 Rc1 51.Ba5 Ra1 0-1